000 06474namaa22004331i 4500
003 EG-GICUC
005 20260422131037.0
008 260408s2025 ua a|||frm||| 000 0 eng d
040 _aEG-GICUC
_beng
_cEG-GICUC
_dEG-GICUC
_erda
041 0 _aeng
_beng
_bara
049 _aDeposit
082 0 4 _a615.82
092 _a615.82
_221
097 _aM.Sc
099 _aCai01.21.09.M.Sc.2025.Me.S
100 0 _aMenna Allah Hesham Abd Elfatah,
_epreparation.
245 1 0 _aSustained natural apophysial glide versus instrument assisted soft tissue mobilization in the treatment of chronic mechanical neck pain /
_cby Menna Allah Hesham Abd Elfatah ; Supervisors Prof. Dr. Maher Ahmed Elkeblawy, Prof. Dr. Yasser Ramzy Lasheen.
246 1 5 _aالتحريك الطبيعي المستمر للمفاصل المسطحة مقابل أداة تحريك الأنسجة الرخوة في المرضي ذوي آلام الرقبة الميكانيكية المزمنة
264 0 _c2025.
300 _a136 pages :
_billustrations ;
_c25 cm. +
_eCD.
336 _atext
_2rda content
337 _aUnmediated
_2rdamedia
338 _avolume
_2rdacarrier
502 _aThesis (M.Sc)-Cairo University, 2025.
504 _aBibliography: pages 118 -130.
520 3 _aBackground Chronic mechanical neck pain, characterized by defined neck pain as: ”Pain perceived as arising from anywhere with in the region, poses a significant challenge in rehabilitation. Purpose This study aimed to investigate and compare the effect of Sustained Natural Apophysial Glide versus Instrument Assisted Soft Tissue Mobilization on pain intensity, cervical range of motion, neck functional disability level in patients with chronic mechanical neck pain. Methods Sixty patients diagnosed with chronic mechanical neck pain, aged 20 to 55 years, were randomly assigned to three groups Group (A) Sustained Natural Apophysial Glide(SNAGs), Group (B) Instrument Assisted Soft Tissue Mobilization (IASTM), and Group (C) (Control, received conventional treatment). The interventions were administered three times weekly for four weeks, in addition to conventional treatment protocol. Assessments included Visual Analogue Scale for pain intensity, CROM device for cervical ROM, and the NDI scale for neck functional disabilities assessment. The study was conducted at AL– Khazendara Central Hospital between December 5, 2024, and February 10, 2025. Results Statistically significant differences were observed in the effectiveness of Sustained Natural Apophysial Glide compared to Instrument Assisted Soft Tissue Mobilization for pain intensity, range of motion and neck functional disability level in the treatment of mechanical neck pain (P<0.05). Conclusion The findings of this study suggest that Sustained Natural Apophysial Glide was more beneficial than Instrument Assisted Soft Tissue Mobilization in addressing pain, improving range of motion, and reducing neck functional disability level in individuals with chronic mechanical neck pain.
520 3 _aالخلفية: تُعد آلام الرقبة الميكانيكية المزمنة، والتي تُعرف بأنها ألممحسوس في منطقة الرقبة أو ما حولها، تحديًا كبيرًا في مجال التأهيل والعلاج الطبيعي. الهدف: تهدف هذه الدراسة إلى مقارنة تأثير التحريك الطبيعي المستمر للمفاصل المسطحة وأداة تحريك الأنسجة الرخوةعلى شدة الألم، ومجال الحركة العنقي، ومستوى العجز الوظيفي للرقبة لدى مرضى آلام الرقبة الميكانيكية المزمنة. الطرق: شملت الدراسة ستين مشاركًا تتراوح أعمارهم بين 20 و55 عاما، تم تشخيصهم بآلام الرقبة الميكانيكية المزمنة، وتم تقسيمهم عشوائيًا إلى ثلاث مجموعات: المجموعة (أ): خضعت للتحريك الطبيعي المستمر للمفاصل المسطحة، المجموعة (ب): خضعت لتقنية أداة تحريك الأنسجة الرخوة، المجموعة (ج): مجموعة ضابطة تلقت العلاج التقليدي.تم تطبيق التدخلات ثلاث مرات أسبوعيًا لمدة أربعة أسابيع، إلى جانب بروتوكول العلاج التقليدي.تم التقييم باستخداممقياس الخط البصريلتحديد شدة الألم، وجهاز قياس مجال الحركة العنقي، ومؤشر عجز الرقبةلتقييم الأداء الوظيفي للرقبة. أُجريت الدراسة في مستشفى الخازندارة المركزي خلال الفترة من 5 ديسمبر 2024 حتى 10 فبراير 2025. النتائج: أظهرت النتائج فروقًا ذات دلالة إحصائية لصالح التحريك الطبيعي المستمر للفقرات مقارنةً بأداة تحريك الأنسجة الرخوة من حيث شدة الألم، ومجال الحركة، ومستوى العجز الوظيفي للرقبة (P<0.05). الاستنتاج: تشير نتائج الدراسة إلى أن التحريك الطبيعي المستمر للمفاصل المسطحة كانت أكثر فاعلية من أداة تحريك الأنسجة الرخوة في تقليل الألم، وتحسين مدى الحركة، وخفض مستوى العجز الوظيفي للرقبة لدى المصابين بآلام الرقبة الميكانيكية المزمنة.
530 _aIssues also as CD.
546 _aText in English and abstract in Arabic & English.
650 0 _aPhysical Therapy
650 0 _aالعلاج الطبيعي
653 1 _aChronic Mechanical Neck Pain
_aSustained Natural Apophysial Glide
_aInstrument Assisted Soft Tissue Mobilization
_aآلام الرقبة الميكانيكية المزمنة
_aالتحريك الطبيعي المستمر للمفاصل المسطحة
700 0 _aMaher Ahmed Elkeblawy
_ethesis advisor.
700 0 _aYasser Ramzy Lasheen
_ethesis advisor.
900 _b01-01-2025
_cMaher Ahmed Elkeblawy
_cYasser Ramzy Lasheen
_UCairo University
_FFaculty of Physical Therapy
_DDepartment of Basic Science
905 _aShimaa
_eEman Ghareb
942 _2ddc
_cTH
_e21
_n0
999 _c179320